| 000 | 00501nam a2200169 a 4500 | ||
|---|---|---|---|
| 005 | 20230125063555.0 | ||
| 008 | 991125s1978 par 000 0 fre u | ||
| 035 | _aUPN01000026332 | ||
| 049 | _aCG | ||
| 050 | 4 |
_aLA841 _bG72 |
|
| 245 | 0 | 0 |
_aGraduate employment and planning of higher education in Poland / _ced. Bikas C. Sanyal, Adam Józefowicz |
| 260 |
_aParís : _bIIEP, _c1978. |
||
| 300 | _a308 p. | ||
| 650 | 4 |
_aEDUCACION SUPERIOR - _zPOLONIA _915608 |
|
| 650 | 2 |
_aEmpleo _917151 |
|
| 905 | _aLibro | ||
| 999 |
_c26332 _d26332 |
||